MARC

LEADER 00000nam0a2200000 4500
001 370199
005 20231102012246.0
035 |a (RuTPU)RU\TPU\retro\27607 
090 |a 370199 
100 |a 20220622d1978 k y0rusy50 ca 
101 0 |a rus 
102 |a RU 
105 |a a z 001zy 
200 1 |a Прогнозирование процессов промерзания в сыпучих материалах при железнодорожных перевозках  |e монография  |f Н. Н. Кожевников, В. И. Попов  |g Академия наук СССР, Сибирское отделение, Институт физико-технических проблем Севера ; отв. ред. Н. С. Иванов 
210 |a Новосибирск  |c Наука  |d 1978 
215 |a 104 с.  |c ил. 
320 |a Библиогр.: с. 94-103 
606 1 |a Грузы сыпучие  |x Промерзание  |x Прогнозирование  |2 stltpush  |3 (RuTPU)RU\TPU\subj\8726  |9 36074 
610 1 |a сыпучие дисперсные материалы 
610 1 |a теплоперенос 
610 1 |a массоперенос 
610 1 |a исследование 
610 1 |a методы 
610 1 |a физическое моделирование 
610 1 |a численные методы 
610 1 |a задачи Стефана 
610 1 |a решение 
610 1 |a приближенные аналитические методы 
610 1 |a монографии 
675 |a 656.225  |v 4 
700 1 |a Кожевников  |b Н. Н.  |g Николай Николаевич 
701 1 |a Попов  |b В. И.  |g Владимир Иванович 
702 1 |a Иванов  |b Н. С.  |4 340 
712 0 2 |a Академия наук СССР  |b Сибирское отделение  |b Институт физико-технических проблем Севера  |c (Якутск)  |2 stltpush  |3 (RuTPU)RU\TPU\col\13084  |9 25595 
801 1 |a RU  |b 63413507  |c 20220622 
942 |c BK